Normal view
MARC view
- Melamed,Abraham.
Entry Personal Name
001 - CONTROL NUMBER
- control field: 37360
003 - CONTROL NUMBER IDENTIFIER
- control field: OSt
005 - DATE AND TIME OF LATEST TRANSACTION
- control field: 20190308114202.0
008 - FIXED-LENGTH DATA ELEMENTS
- fixed length control field: 190308|| aca||aabn | a|a d
040 ## - CATALOGING SOURCE
- Original cataloging agency: OSt
- Transcribing agency: OSt
100 ## - HEADING--PERSONAL NAME
- Personal name: Melamed,Abraham.
670 ## - SOURCE DATA FOUND
- Source citation: Work cat.: (OSt): Melamed,Abraham., Wisdom's Little Sister:, ©2012.
